Causas de violencia de género primer informe estadístico : representación institucional de la Justicia de la Ciudad Autónoma de Buenos Aires ante la Oficina de la Mujer de la Corte Suprema de Justicia de la Nación /

Guardado en:
Autor Corporativo: Consejo de la Magistratura de la Ciudad Autónoma de Buenos Aires.
Formato: Desconocido
Idioma:Spanish
Publicado: Ciudad Autonoma de Buenos Aires : Jusbaires, 2014.
Edición:1a. ed.
Series:Colección Institucional
Materias:
Etiquetas: Agregar Etiqueta
Sin Etiquetas, Sea el primero en etiquetar este registro!
LEADER 00947nac a22002175a 4500
001 DER.der014042
008 190911i2014####ag#||||||||||||||#||spa||
005 20240305094953.0
245 1 0 |a Causas de violencia de género primer informe estadístico :  |b representación institucional de la Justicia de la Ciudad Autónoma de Buenos Aires ante la Oficina de la Mujer de la Corte Suprema de Justicia de la Nación /  |c Consejo de la Magistratura de la Ciudad Autónoma de Buenos Aires. 
250 |a 1a. ed. 
260 |a Ciudad Autonoma de Buenos Aires :  |b Jusbaires,  |c 2014. 
300 |a 124 p. 
440 0 |a Colección Institucional 
500 |a Memoria correspondiente al 2013. 
020 |a 9789873690044 
110 2 |a Consejo de la Magistratura de la Ciudad Autónoma de Buenos Aires. 
650 7 |a MEDIACION 
650 7 |a ASISTENCIA A LA VICTIMA 
650 7 |a ACUERDO DE MEDIACION 
650 7 |a DENUNCIAS 
859 |a DERECHO  |b BIB. DERECHO  |h 362.83  |i CON  |p 009268